000 00826nam a2200253 a 4500
001 000020857
005 20200930011158.0
008 100818s1977 mx 000 d spa d
040 _aDO-SdBNP
_bspa
_cBNPHU
082 _a832.6
_bG599faust, 1977
100 1 _aGoethe, Johann Wolfgang von,
_d1749-1832
_913439
245 1 0 _aFausto /
_cJ. W. Goethe ; estudio preliminar y revisión de Francisco Ayala ; traducción de José Roviralta Borrell.
250 _a10a ed.
260 _aMéxico :
_bCumbre,
_c1977.
300 _axxi, 402 p. ;
_c21 cm.
490 1 _aLos clásicos
650 4 _aTeatro alemán
_912996
650 4 _aLiteratura alemana
_93274
700 1 _aAyala, Francisco,
_d1906-2009
_94726
700 1 _aRoviralta Borrell, José,
_etr.
_943722
830 0 _aLos clásicos
_943697
910 _aWM
049 _aBNGR
999 _c20360
_d20360